书目信息 |
| 题名: |
旅游法规规章汇编
|
|
| 作者: | ;国家旅游局政策法规司 编 | |
| 分册: | ||
| 出版信息: | 北京 旅游教育出版社 2002 |
|
| 页数: | 172页 | |
| 开本: | 20cm | |
| 丛书名: | ||
| 单 册: | ||
| 中图分类: | D922.269 | |
| 科图分类: | ||
| 主题词: | 法律--中国 | |
| 电子资源: | ||
| ISBN: | 7-5637-1014-0 | |
| 000 | 00611nam0 2200181 450 | |
| 001 | 0736196517 | |
| 005 | 20070924100316.51 | |
| 010 | @a7-5637-1014-0@d¥12.00 | |
| 100 | @a20070924d km y0chiy0120 ea | |
| 101 | 0 | @achi |
| 200 | 1 | @a旅游法规规章汇编@Alu you fa gui gui zhang hui bian@f国家旅游局政策法规司编@Fguo jia lu you ju zheng ce fa gui si bian |
| 210 | @a北京@c旅游教育出版社@d2002 | |
| 215 | @a172页@c插图@d20cm | |
| 606 | 0 | @a法律@x中国 |
| 690 | @aD922.269@v3 | |
| 711 | 02 | @a国家旅游局政策法规司@Aguo jia lu you ju zheng ce fa gui si@4编 |
| 801 | 0 | @aCN@bPFT@c20070924 |
| 905 | @a213230@dD922.269@eZY4@f1 | |
| 旅游法规规章汇编/国家旅游局政策法规司编.-北京:旅游教育出版社,2002 |
| 172页:插图;20cm |
| ISBN 7-5637-1014-0:¥12.00 |
| ● |
| 相关链接 |
|
|
|
|
正题名:旅游法规规章汇编
索取号:D922.269/ZY4
 
预约/预借
| 序号 | 登录号 | 条形码 | 馆藏地/架位号 | 状态 | 备注 |
| 1 | 7900335 | 279003356 | 密集书库-资源管理系/ [索取号:D922.269/ZY4] | 在馆 |